Normal view
MARC view
Entry Personal Name
001 - CONTROL NUMBER
- control field: 79830
003 - CONTROL NUMBER IDENTIFIER
- control field: dpl
005 - DATE AND TIME OF LATEST TRANSACTION
- control field: 20250321154429.0
008 - FIXED-LENGTH DATA ELEMENTS
- fixed length control field: 250321|| aca||aabn | a|a d
040 ## - CATALOGING SOURCE
- Original cataloging agency: dpl
- Transcribing agency: dpl
100 ## - HEADING--PERSONAL NAME
- Personal name: Gokhale, aneesh
670 ## - SOURCE DATA FOUND
- Source citation: Work cat.: (dpl)210431: Gokhale, aneesh, Battle of the maratha empire/, 2020
